000 00649nam a2200217Ia 4500
005 20260429112012.0
008 260429s9999||||xx |||||||||||||| ||und||
020 _a9781032011158
041 _aEnglish
082 _a370.152
_bTIL
100 _aTilakaratna, Namala
245 0 _aDemystifying critical reflection :
_bimproving pedagogy and practice with legitimation code theory /
_cNamala Tilakaratna
250 _a1st ed.
260 _aNew Delhi :
_bRoutledge,
_c2024.
300 _axiii, 252 p.; pbk
650 _a Pedagogy
650 _a Teacher education
650 _aReflective practice
700 _a Szenes, Eszter
942 _cTB
999 _c51835
_d51835